000 00405nam a2200181Ia 4500
001 17738
005 20260306171539.0
008 260306s9999||||xx |||||||||||||| ||und||
041 _aESP
082 _a658.15
_bS7
100 _aStern ,Joel M.
_eAUT
245 0 _aEl desafío del Eva
260 _c2002
300 _a368 páginas :
_c
650 _aGEN
654 _aCAN
942 _cLIB
_dJUS
_fJUS
_2ddc
_n
999 _c17738
_d17738